| 000 | 00515nam a22001937a 4500 | ||
|---|---|---|---|
| 003 | KOHA_MİRAKIL | ||
| 005 | 20251127091231.0 | ||
| 008 | 251127b tu ||||| |||| 00| 0 tur d | ||
| 020 | _a9789752207325 | ||
| 040 |
_aTR-AnABB _btur _cTR-AnABB |
||
| 041 | _atur | ||
| 082 |
_a833.912 _bZWE 2018 |
||
| 100 | 1 | _aZweig, Stefan, | |
| 245 | 1 | 0 |
_aKorku / _cStefan Zweig |
| 260 |
_aAnkara : _bBilgi Yayınevi, _c2018 |
||
| 300 |
_a92 sayfa ; _c20 cm |
||
| 650 | 0 | 4 | _aAvusturya edebiyatı, roman |
| 942 |
_2ddc _cBK |
||
| 999 |
_c9658 _d9658 |
||
| 900 | _bGizem YORULMAZ | ||